00522nam a2200181Ia 4500008004100000020001800041082000800059100003000067245002800097250000600125260003900131300001600170500002400186650001600210942000700226952009000233999001700323230524s9999 xx 000 0 und d a9789380026411 bCHE aDharma Raj Cheruku942999 0aSatellite Communication a1 aNew DelhibI.K.Internationalc2012 a"XIV,317p;" aQuantity Number: 1 aElectronics cBK 00104070aTATCLbTATCLcGENd2023-05-24l0o CHEp54238r2023-05-24w2023-05-24yBK c57947d57947